[Event "POL-chT 2nd League-3 2020"]
[Site "Poronin"]
[Date "2020.09.08"]
[Round "4.18"]
[White "Mazur, Anna"]
[Black "Swiech, Joanna"]
[Result "1-0"]
[WhiteElo "1731"]
[BlackElo "1910"]
[Annotator "ChessBase"]
[PlyCount "105"]
[EventDate "2020.09.05"]
[EventType "team-tourn"]
[EventCountry "POL"]
[SourceTitle "playchess.com"]
[Source "ChessBase"]
[SourceQuality "1"]
[TimeControl "40/5400+30:900+30"]

1. e4 {[%emt 0:00:00]} e5 {[%emt 0:00:00]} 2. Nf3 {[%emt 0:00:00]} Nc6 {[%emt 0:00:00]} 3. Bb5 {[%emt 0:00:00]} a6 {[%emt 0:00:00]} 4. Ba4 {[%emt 0:00:00]} Nge7 {[%emt 0:00:00]} 5. c3 {[%emt 0:00:25]} g6 {[%emt 0:00:16]} 6. O-O {[%emt 0:00:57]} Bg7 {[%emt 0:00:12]} 7. d4 {[%emt 0:03:05]} exd4 {[%emt 0:00:11]} 8. cxd4 {[%emt 0:00:06]} b5 {[%emt 0:00:15]} 9. Bc2 {[%emt 0:00:10]} O-O {[%emt 0:00:30]} 10. h3 {[%emt 0:02:16]} d6 {[%emt 0:00:46]} 11. Nc3 {[%emt 0:04:33]} Na5 {[%emt 0:01:45]} 12. Re1 {[%emt 0:16:33]} c5 {[%emt 0:02:26]} 13. a3 {[%emt 0:11:35]} Nc4 {[%emt 0:08:34]} 14. Rb1 {[%emt 0:03:43]} Bb7 {[%emt 0:04:24]} 15. Bb3 {[%emt 0:09:34]} Nb6 {[%emt 0:04:07]} 16. Bf4 {[%emt 0:01:16]} Rc8 {[%emt 0:03:36]} 17. Qd2 {[%emt 0:01:43]} c4 {[%emt 0:03:26]} 18. Bc2 {[%emt 0:00:36]} Re8 {[%emt 0:05:09]} 19. Bh6 {[%emt 0:04:40]} Bh8 {[%emt 0:00:57]} 20. Rbd1 {[%emt 0:01:02]} Qd7 {[%emt 0:10:37]} 21. Be3 {[%emt 0:07:28]} d5 {[%emt 0:03:19]} 22. e5 {[%emt 0:01:02]} Nf5 {[%emt 0:04:10]} 23. Bf4 {[%emt 0:01:20]} Ng7 {[%emt 0:01:22]} 24. Bh6 {[%emt 0:03:40]} Ne6 {[%emt 0:03:14]} 25. Nh2 {[%emt 0:01:50]} Qe7 {[%emt 0:07:10]} 26. Re3 {[%emt 0:04:45]} Bg7 {[%emt 0:06:44]} 27. Bxg7 {[%emt 0:00:10]} Kxg7 {[%emt 0:01:22]} 28. Ng4 {[%emt 0:00:32]} Nd7 {[%emt 0:04:44]} 29. Rf3 {[%emt 0:00:32]} Qg5 {[%emt 0:01:07]} 30. Ne3 {[%emt 0:03:25]} Nb6 {[%emt 0:10:04]} 31. Rg3 {[%emt 0:00:20]} Qd8 {[%emt 0:01:12]} 32. Nf5+ {[%emt 0:00:44]} Kg8 {[%emt 0:00:14]} 33. Nd6 {[%emt 0:00:21]} Re7 {[%emt 0:00:36]} 34. Nxc8 {[%emt 0:00:23]} Bxc8 {[%emt 0:00:05]} 35. f4 {[%emt 0:01:52]} Ng7 {[%emt 0:00:33]} 36. Rf1 {[%emt 0:00:55]} Nf5 {[%emt 0:01:33]} 37. Rgf3 {[%emt 0:02:42]} Nh4 {[%emt 0:05:53]} 38. R3f2 {[%emt 0:01:39]} h5 {[%emt 0:00:50]} 39. Ne2 {[%emt 0:02:58]} Re8 {[%emt 0:02:55]} 40. Ng3 {[%emt 0:00:00]} Nf5 {[%emt 0:00:00]} 41. Nxf5 {[%emt 0:05:33]} Bxf5 {[%emt 0:00:35]} 42. Bxf5 {[%emt 0:00:26]} gxf5 {[%emt 0:00:06]} 43. Qc2 {[%emt 0:00:54]} Qd7 {[%emt 0:00:07]} 44. Qe2 {[%emt 0:00:06]} Qe6 {[%emt 0:01:31]} 45. Qxh5 {[%emt 0:00:32]} Qg6 {[%emt 0:00:08]} 46. Qf3 {[%emt 0:00:50]} Kh8 {[%emt 0:02:54]} 47. g4 {[%emt 0:03:00]} Rg8 {[%emt 0:00:21]} 48. g5 {[%emt 0:00:59]} Rg7 {[%emt 0:00:27]} 49. h4 {[%emt 0:04:07]} Rh7 {[%emt 0:00:07]} 50. Rh2 {[%emt 0:00:05]} Qe6 {[%emt 0:00:40]} 51. h5 {[%emt 0:01:15]} Nc8 {[%emt 0:00:37]} 52. Rff2 {[%emt 0:00:42]} Ne7 {[%emt 0:00:16]} 53. Rfg2 {[%emt 0:00:22]} 1-0

[Event "POL-chT 2nd League-3 2020"]
[Site "Poronin"]
[Date "2020.09.08"]
[Round "4.19"]
[White "Psyk, Radoslaw"]
[Black "Nowicki, Bartosz"]
[Result "1-0"]
[WhiteElo "2354"]
[BlackElo "2339"]
[Annotator "ChessBase"]
[PlyCount "93"]
[EventDate "2020.09.05"]
[EventType "team-tourn"]
[EventCountry "POL"]
[SourceTitle "playchess.com"]
[Source "ChessBase"]
[SourceQuality "1"]
[TimeControl "40/5400+30:900+30"]

1. e4 {[%emt 0:00:00]} c5 {[%emt 0:00:00]} 2. Nf3 {[%emt 0:00:00]} d6 {[%emt 0:00:00]} 3. Bb5+ {[%emt 0:00:00]} Nd7 {[%emt 0:00:00]} 4. d4 {[%emt 0:00:03]} cxd4 {[%emt 0:00:00]} 5. Qxd4 {[%emt 0:00:02]} a6 {[%emt 0:00:00]} 6. Be2 {[%emt 0:00:21]} e5 {[%emt 0:00:34]} 7. Qe3 {[%emt 0:01:02]} Ngf6 {[%emt 0:00:09]} 8. c4 {[%emt 0:03:54]} Be7 {[%emt 0:00:55]} 9. Nc3 {[%emt 0:01:16]} O-O {[%emt 0:05:28]} 10. O-O {[%emt 0:00:12]} Nc5 {[%emt 0:02:29]} 11. Nd2 {[%emt 0:08:49]} Ne6 {[%emt 0:02:45]} 12. b3 {[%emt 0:27:22]} Nd4 {[%emt 0:04:29]} 13. Qd3 {[%emt 0:04:22]} Nd7 {[%emt 0:02:19]} 14. Nf3 {[%emt 0:00:51]} Nc5 {[%emt 0:00:21]} 15. Qd2 {[%emt 0:00:39]} Bf6 {[%emt 0:06:48]} 16. Bb2 {[%emt 0:01:21]} Qa5 {[%emt 0:22:41]} 17. Rfd1 {[%emt 0:04:57]} Nce6 {[%emt 0:18:04]} 18. Nd5 {[%emt 0:03:17]} Nxe2+ {[%emt 0:02:29]} 19. Qxe2 {[%emt 0:00:25]} Bd8 {[%emt 0:04:55]} 20. Bc3 {[%emt 0:00:50]} Qc5 {[%emt 0:00:09]} 21. Bb4 {[%emt 0:00:24]} Qc6 {[%emt 0:00:26]} 22. Bxd6 {[%emt 0:00:58]} Nd4 {[%emt 0:00:25]} 23. Nxd4 {[%emt 0:03:36]} Qxd6 {[%emt 0:00:07]} 24. Nf5 {[%emt 0:01:28]} Qe6 {[%emt 0:02:06]} 25. Rd2 {[%emt 0:04:49]} g6 {[%emt 0:00:17]} 26. Nfe3 {[%emt 0:00:40]} Rb8 {[%emt 0:00:42]} 27. Rad1 {[%emt 0:04:24]} Bg5 {[%emt 0:00:33]} 28. Nc3 {[%emt 0:06:56]} f5 {[%emt 0:01:49]} 29. Rd6 {[%emt 0:01:27]} Qe7 {[%emt 0:00:47]} 30. c5 {[%emt 0:00:53]} Kh8 {[%emt 0:02:25]} 31. Ned5 {[%emt 0:01:42]} Qg7 {[%emt 0:00:02]} 32. b4 {[%emt 0:02:54]} f4 {[%emt 0:01:58]} 33. f3 {[%emt 0:00:23]} Qf7 {[%emt 0:00:16]} 34. Nb6 {[%emt 0:00:32]} Be6 {[%emt 0:00:16]} 35. Nd7 {[%emt 0:00:12]} Bxd7 {[%emt 0:01:52]} 36. Rxd7 {[%emt 0:00:06]} Be7 {[%emt 0:00:10]} 37. Rc7 {[%emt 0:09:16]} Rfc8 {[%emt 0:00:11]} 38. Rdd7 {[%emt 0:02:52]} Rxc7 {[%emt 0:00:01]} 39. Rxc7 {[%emt 0:00:02]} Qe6 {[%emt 0:00:25]} 40. Qd1 {[%emt 0:00:00]} Qc4 {[%emt 0:00:00]} 41. Nd5 {[%emt 0:03:17]} Bd8 {[%emt 0:10:35]} 42. Rd7 {[%emt 0:00:45]} Qxa2 {[%emt 0:00:50]} 43. Nc3 {[%emt 0:01:30]} Qg8 {[%emt 0:00:15]} 44. Qd6 {[%emt 0:00:09]} Qe8 {[%emt 0:00:55]} 45. Nd5 {[%emt 0:00:36]} Kg8 {[%emt 0:00:53]} 46. Qxb8 {[%emt 0:00:20]} Qxd7 {[%emt 0:00:06]} 47. Nf6+ {[%emt 0:00:03]} 1-0

[Event "POL-chT 2nd League-3 2020"]
[Site "Poronin"]
[Date "2020.09.08"]
[Round "4.20"]
[White "Parol, Pawel"]
[Black "Zaskalski, Arkadiusz"]
[Result "1/2-1/2"]
[WhiteElo "2114"]
[BlackElo "2175"]
[Annotator "ChessBase"]
[PlyCount "49"]
[EventDate "2020.09.05"]
[EventType "team-tourn"]
[EventCountry "POL"]
[SourceTitle "playchess.com"]
[Source "ChessBase"]
[SourceQuality "1"]
[TimeControl "40/5400+30:900+30"]

1. d4 {[%emt 0:00:00]} Nf6 {[%emt 0:00:00]} 2. c4 {[%emt 0:00:00]} c5 {[%emt 0:00:35]} 3. Nf3 {[%emt 0:00:28]} g6 {[%emt 0:00:57]} 4. Nc3 {[%emt 0:00:52]} cxd4 {[%emt 0:00:32]} 5. Nxd4 {[%emt 0:00:08]} Nc6 {[%emt 0:01:34]} 6. e4 {[%emt 0:01:59]} Nxd4 {[%emt 0:02:35]} 7. Qxd4 {[%emt 0:00:07]} d6 {[%emt 0:00:07]} 8. Be2 {[%emt 0:07:01]} Bg7 {[%emt 0:00:36]} 9. Be3 {[%emt 0:00:10]} O-O {[%emt 0:02:14]} 10. Qd2 {[%emt 0:00:35]} a5 {[%emt 0:05:11]} 11. f3 {[%emt 0:06:10]} a4 {[%emt 0:01:55]} 12. O-O {[%emt 0:03:20]} Qa5 {[%emt 0:02:08]} 13. Rac1 {[%emt 0:03:13]} Bd7 {[%emt 0:16:36]} 14. Rfd1 {[%emt 0:14:26]} Rfc8 {[%emt 0:18:35]} 15. Bf1 {[%emt 0:15:11]} Bc6 {[%emt 0:01:56]} 16. Ne2 {[%emt 0:14:15]} Qxd2 {[%emt 0:03:49]} 17. Rxd2 {[%emt 0:01:09]} Nd7 {[%emt 0:01:58]} 18. Nd4 {[%emt 0:03:53]} Nc5 {[%emt 0:01:16]} 19. Rb1 {[%emt 0:12:31]} Bd7 {[%emt 0:01:38]} 20. Kf2 {[%emt 0:07:00]} Ne6 {[%emt 0:05:11]} 21. Nc2 {[%emt 0:01:12]} Nc5 {[%emt 0:00:38]} 22. Nd4 {[%emt 0:04:11]} Ne6 {[%emt 0:00:39]} 23. Nc2 {[%emt 0:02:38]} Nc5 {[%emt 0:00:16]} 24. Nd4 {[%emt 0:00:41]} Ne6 {[%emt 0:00:09]} 25. Nc2 {[%emt 0:00:40]} 1/2-1/2

[Event "POL-chT 2nd League-3 2020"]
[Site "Poronin"]
[Date "2020.09.08"]
[Round "4.21"]
[White "Markiewicz, Jerzy"]
[Black "Parol, Pola"]
[Result "1-0"]
[WhiteElo "2169"]
[BlackElo "2076"]
[Annotator "ChessBase"]
[PlyCount "142"]
[EventDate "2020.09.05"]
[EventType "team-tourn"]
[EventCountry "POL"]
[SourceTitle "playchess.com"]
[Source "ChessBase"]
[SourceQuality "1"]
[TimeControl "40/5400+30:900+30"]

1. e4 {[%emt 0:00:41]} c5 {[%emt 0:00:00]} 2. Nf3 {[%emt 0:00:08]} d6 {[%emt 0:00:00]} 3. d4 {[%emt 0:00:19]} cxd4 {[%emt 0:00:00]} 4. Nxd4 {[%emt 0:00:07]} Nf6 {[%emt 0:00:00]} 5. Nc3 {[%emt 0:00:51]} a6 {[%emt 0:00:04]} 6. h4 {[%emt 0:04:13]} e5 {[%emt 0:02:25]} 7. Nb3 {[%emt 0:00:07]} Be7 {[%emt 0:00:55]} 8. Bg5 {[%emt 0:00:07]} Nbd7 {[%emt 0:01:15]} 9. a4 {[%emt 0:05:32]} O-O {[%emt 0:06:06]} 10. Be2 {[%emt 0:05:06]} b6 {[%emt 0:06:35]} 11. Bf3 {[%emt 0:06:00]} Bb7 {[%emt 0:01:00]} 12. g4 {[%emt 0:06:36]} Rc8 {[%emt 0:13:10]} 13. Bxf6 {[%emt 0:04:54]} Nxf6 {[%emt 0:02:17]} 14. g5 {[%emt 0:00:11]} Nd7 {[%emt 0:01:59]} 15. Qd3 {[%emt 0:07:11]} Nc5 {[%emt 0:05:17]} 16. Nxc5 {[%emt 0:01:18]} dxc5 {[%emt 0:01:21]} 17. Qc4 {[%emt 0:24:25]} Qd4 {[%emt 0:04:54]} 18. Be2 {[%emt 0:00:30]} Rfd8 {[%emt 0:05:37]} 19. Rd1 {[%emt 0:02:38]} Qxc4 {[%emt 0:00:06]} 20. Bxc4 {[%emt 0:00:53]} Rd4 {[%emt 0:02:09]} 21. b3 {[%emt 0:08:05]} Rcd8 {[%emt 0:04:36]} 22. f3 {[%emt 0:00:57]} g6 {[%emt 0:05:02]} 23. Bd5 {[%emt 0:05:27]} Rxd1+ {[%emt 0:08:01]} 24. Kxd1 {[%emt 0:00:21]} Bc8 {[%emt 0:04:23]} 25. Ke2 {[%emt 0:00:39]} Kg7 {[%emt 0:00:58]} 26. Nd1 {[%emt 0:03:03]} f6 {[%emt 0:01:55]} 27. gxf6+ {[%emt 0:00:40]} Bxf6 {[%emt 0:02:29]} 28. h5 {[%emt 0:00:46]} g5 {[%emt 0:02:06]} 29. Ne3 {[%emt 0:00:14]} Bd7 {[%emt 0:04:53]} 30. Bb7 {[%emt 0:04:14]} Bc8 {[%emt 0:04:37]} 31. Bxc8 {[%emt 0:00:37]} Rxc8 {[%emt 0:00:02]} 32. Nc4 {[%emt 0:02:42]} Rc6 {[%emt 0:04:51]} 33. Rd1 {[%emt 0:00:16]} b5 {[%emt 0:04:11]} 34. Rd7+ {[%emt 0:00:14]} Kh6 {[%emt 0:00:34]} 35. axb5 {[%emt 0:01:12]} axb5 {[%emt 0:00:01]} 36. Nd6 {[%emt 0:00:28]} b4 {[%emt 0:00:51]} 37. Kd3 {[%emt 0:02:58]} Kxh5 {[%emt 0:02:17]} 38. Rxh7+ {[%emt 0:00:15]} Kg6 {[%emt 0:00:03]} 39. Rd7 {[%emt 0:00:06]} Be7 {[%emt 0:01:28]} 40. Nc4 {[%emt 0:00:00]} Re6 {[%emt 0:00:00]} 41. Rd5 {[%emt 0:03:53]} Kf6 {[%emt 0:02:44]} 42. Ne3 {[%emt 0:00:13]} Rd6 {[%emt 0:01:28]} 43. Kc4 {[%emt 0:00:16]} Ke6 {[%emt 0:01:43]} 44. Rxd6+ {[%emt 0:03:09]} Bxd6 {[%emt 0:00:16]} 45. Ng4 {[%emt 0:00:55]} Bf8 {[%emt 0:01:07]} 46. Nf2 {[%emt 0:00:16]} Kd6 {[%emt 0:08:42]} 47. Nd3 {[%emt 0:01:07]} Kc6 {[%emt 0:00:13]} 48. Nxe5+ {[%emt 0:00:26]} Kd6 {[%emt 0:00:17]} 49. Ng4 {[%emt 0:01:54]} Bg7 {[%emt 0:00:29]} 50. Ne3 {[%emt 0:01:25]} Bd4 {[%emt 0:00:49]} 51. Nf5+ {[%emt 0:05:50]} Ke5 {[%emt 0:00:02]} 52. Nxd4 {[%emt 0:01:12]} cxd4 {[%emt 0:00:01]} 53. Kxb4 {[%emt 0:03:25]} Kf4 {[%emt 0:00:06]} 54. Kc4 {[%emt 0:00:28]} Kxf3 {[%emt 0:00:33]} 55. e5 {[%emt 0:00:03]} g4 {[%emt 0:00:07]} 56. e6 {[%emt 0:00:03]} g3 {[%emt 0:00:07]} 57. e7 {[%emt 0:00:08]} g2 {[%emt 0:00:05]} 58. e8=Q {[%emt 0:00:07]} g1=Q {[%emt 0:00:09]} 59. Qe5 {[%emt 0:00:46]} Qf1+ {[%emt 0:03:10]} 60. Kxd4 {[%emt 0:00:28]} Qa1+ {[%emt 0:00:55]} 61. c3 {[%emt 0:00:21]} Qa7+ {[%emt 0:00:37]} 62. Qc5 {[%emt 0:00:16]} Qg7+ {[%emt 0:00:27]} 63. Kc4 {[%emt 0:00:10]} Qg4+ {[%emt 0:00:17]} 64. Kb5 {[%emt 0:00:15]} Qg8 {[%emt 0:01:39]} 65. c4 {[%emt 0:00:34]} Qb8+ {[%emt 0:00:46]} 66. Qb6 {[%emt 0:00:44]} Qe5+ {[%emt 0:00:25]} 67. Ka6 {[%emt 0:01:26]} Qa1+ {[%emt 0:00:32]} 68. Kb7 {[%emt 0:00:08]} Ke2 {[%emt 0:01:30]} 69. b4 {[%emt 0:01:13]} Qg7+ {[%emt 0:00:39]} 70. Qc7 {[%emt 0:00:21]} Qd4 {[%emt 0:00:38]} 71. b5 {[%emt 0:00:24]} Qd5+ {[%emt 0:00:40]} 1-0

[Event "POL-chT 2nd League-3 2020"]
[Site "Poronin"]
[Date "2020.09.08"]
[Round "4.22"]
[White "Kowalec, Maciej"]
[Black "Augustyn, Sebastian"]
[Result "1/2-1/2"]
[WhiteElo "2092"]
[BlackElo "2148"]
[Annotator "ChessBase"]
[PlyCount "35"]
[EventDate "2020.09.05"]
[EventType "team-tourn"]
[EventCountry "POL"]
[SourceTitle "playchess.com"]
[Source "ChessBase"]
[SourceQuality "1"]
[TimeControl "40/5400+30:900+30"]

1. d4 {[%emt 0:00:00]} Nf6 {[%emt 0:02:14]} 2. Nf3 {[%emt 0:00:00]} e6 {[%emt 0:01:13]} 3. e3 {[%emt 0:00:16]} b6 {[%emt 0:00:40]} 4. c4 {[%emt 0:01:29]} Bb7 {[%emt 0:00:03]} 5. Bd3 {[%emt 0:01:16]} Bb4+ {[%emt 0:14:55]} 6. Bd2 {[%emt 0:01:40]} Qe7 {[%emt 0:00:19]} 7. O-O {[%emt 0:01:44]} O-O {[%emt 0:00:26]} 8. a3 {[%emt 0:00:46]} Bxd2 {[%emt 0:00:34]} 9. Nbxd2 {[%emt 0:00:22]} d6 {[%emt 0:00:32]} 10. Qc2 {[%emt 0:06:02]} e5 {[%emt 0:02:53]} 11. Ne4 {[%emt 0:03:14]} Nbd7 {[%emt 0:03:36]} 12. Nfd2 {[%emt 0:12:26]} c5 {[%emt 0:12:53]} 13. dxe5 {[%emt 0:06:31]} dxe5 {[%emt 0:01:03]} 14. Nxf6+ {[%emt 0:05:46]} Nxf6 {[%emt 0:00:15]} 15. Ne4 {[%emt 0:01:13]} Ne8 {[%emt 0:24:54]} 16. Nc3 {[%emt 0:06:08]} Nf6 {[%emt 0:00:34]} 17. Ne4 {[%emt 0:01:42]} Ne8 {[%emt 0:00:35]} 18. Nc3 {[%emt 0:00:41]} 1/2-1/2

[Event "POL-chT 2nd League-3 2020"]
[Site "Poronin"]
[Date "2020.09.08"]
[Round "4.23"]
[White "Markiewicz, Mateusz"]
[Black "Suliborski, Jakub"]
[Result "1/2-1/2"]
[WhiteElo "2037"]
[BlackElo "2114"]
[Annotator "ChessBase"]
[PlyCount "84"]
[EventDate "2020.09.05"]
[EventType "team-tourn"]
[EventCountry "POL"]
[SourceTitle "playchess.com"]
[Source "ChessBase"]
[SourceQuality "1"]
[TimeControl "40/5400+30:900+30"]

1. e4 {[%emt 0:02:06]} c5 {[%emt 0:00:00]} 2. Nf3 {[%emt 0:00:15]} d6 {[%emt 0:00:00]} 3. Bb5+ {[%emt 0:00:17]} Nd7 {[%emt 0:00:31]} 4. c3 {[%emt 0:00:16]} Ngf6 {[%emt 0:01:06]} 5. Qe2 {[%emt 0:00:10]} a6 {[%emt 0:01:09]} 6. Ba4 {[%emt 0:00:32]} b5 {[%emt 0:03:51]} 7. Bc2 {[%emt 0:00:14]} Bb7 {[%emt 0:01:25]} 8. d4 {[%emt 0:00:23]} cxd4 {[%emt 0:03:27]} 9. cxd4 {[%emt 0:00:11]} Qa5+ {[%emt 0:00:59]} 10. Bd2 {[%emt 0:03:02]} Qc7 {[%emt 0:00:11]} 11. Bd3 {[%emt 0:07:24]} e5 {[%emt 0:05:20]} 12. d5 {[%emt 0:00:53]} Be7 {[%emt 0:01:51]} 13. O-O {[%emt 0:01:07]} O-O {[%emt 0:00:16]} 14. Rc1 {[%emt 0:01:53]} Qb8 {[%emt 0:00:26]} 15. b4 {[%emt 0:02:23]} Nb6 {[%emt 0:03:08]} 16. Nc3 {[%emt 0:01:56]} Rc8 {[%emt 0:07:41]} 17. a4 {[%emt 0:04:33]} bxa4 {[%emt 0:04:36]} 18. Be3 {[%emt 0:00:31]} Bd8 {[%emt 0:00:55]} 19. Nd2 {[%emt 0:01:54]} Nfd7 {[%emt 0:06:20]} 20. Nc4 {[%emt 0:16:00]} Nxc4 {[%emt 0:01:11]} 21. Bxc4 {[%emt 0:00:02]} a5 {[%emt 0:03:59]} 22. b5 {[%emt 0:03:56]} Nc5 {[%emt 0:14:33]} 23. Bxc5 {[%emt 0:00:15]} Rxc5 {[%emt 0:00:06]} 24. Nxa4 {[%emt 0:00:08]} Rc8 {[%emt 0:00:04]} 25. b6 Bg5 {[%emt 0:01:44]} 26. Rc3 {[%emt 0:04:11]} f5 {[%emt 0:01:12]} 27. h4 {[%emt 0:11:40]} Bf6 {[%emt 0:01:40]} 28. Rac1 {[%emt 0:00:57]} Rf8 {[%emt 0:03:14]} 29. Bb5 {[%emt 0:03:35]} Bxh4 {[%emt 0:03:53]} 30. Rc7 {[%emt 0:08:27]} Bd8 {[%emt 0:02:23]} 31. Rxb7 {[%emt 0:03:56]} Qxb7 {[%emt 0:00:08]} 32. Bc6 {[%emt 0:00:07]} Qa6 {[%emt 0:00:05]} 33. Qxa6 {[%emt 0:00:14]} Rxa6 {[%emt 0:00:05]} 34. b7 {[%emt 0:00:08]} Bb6 {[%emt 0:14:15]} 35. Bb5 {[%emt 0:04:04]} Ra7 {[%emt 0:00:13]} 36. Bc6 {[%emt 0:05:22]} Bd4 {[%emt 0:02:12]} 37. exf5 {[%emt 0:00:14]} Rb8 {[%emt 0:02:01]} 38. Rb1 {[%emt 0:00:55]} Kf7 {[%emt 0:00:29]} 39. g4 {[%emt 0:03:14]} g6 {[%emt 0:01:18]} 40. fxg6+ {[%emt 0:00:00]} hxg6 {[%emt 0:00:00]} 41. Kf1 {[%emt 0:00:49]} Ke7 {[%emt 0:06:15]} 42. Ke2 {[%emt 0:00:24]} Kd8 {[%emt 0:00:34]} 1/2-1/2

[Event "POL-chT 2nd League-3 2020"]
[Site "Poronin"]
[Date "2020.09.08"]
[Round "4.24"]
[White "Rykala, Monika"]
[Black "Mirowska, Oliwia"]
[Result "1/2-1/2"]
[WhiteElo "1877"]
[BlackElo "1855"]
[Annotator "NA"]
[PlyCount "36"]
[EventDate "2020.09.05"]
[EventType "team-tourn"]
[EventCountry "POL"]
[SourceTitle "playchess.com"]
[Source "ChessBase"]
[SourceQuality "1"]
[TimeControl "40/5400+30:900+30"]

1. d4 {[%emt 0:00:00]} d6 {[%emt 0:00:00]} 2. e4 {[%emt 0:00:00]} Nf6 {[%emt 0:00:00]} 3. Nc3 {[%emt 0:00:00]} e5 {[%emt 0:00:01]} 4. dxe5 {[%emt 0:00:00]} dxe5 {[%emt 0:00:11]} 5. Qxd8+ {[%emt 0:00:18]} Kxd8 {[%emt 0:00:00]} 6. Nf3 {[%emt 0:00:09]} Bd6 {[%emt 0:00:44]} 7. Bc4 {[%emt 0:01:06]} Be6 {[%emt 0:00:28]} 8. Bxe6 {[%emt 0:01:19]} fxe6 {[%emt 0:00:07]} 9. Be3 {[%emt 0:02:52]} Ke7 {[%emt 0:00:50]} 10. O-O-O {[%emt 0:00:45]} Nbd7 {[%emt 0:00:40]} 11. a3 {[%emt 0:04:54]} a6 {[%emt 0:01:35]} 12. Nd2 {[%emt 0:13:05]} b5 {[%emt 0:00:53]} 13. f3 {[%emt 0:03:44]} Rhb8 {[%emt 0:03:15]} 14. Ne2 {[%emt 0:03:26]} a5 {[%emt 0:04:02]} 15. Rhf1 {[%emt 0:04:11]} a4 {[%emt 0:01:49]} 16. c3 {[%emt 0:12:25]} Nc5 {[%emt 0:04:28]} 17. Bxc5 {[%emt 0:02:59]} Bxc5 {[%emt 0:00:15]} 18. Kc2 {[%emt 0:01:15]} Rd8 {[%emt 0:04:45]} 1/2-1/2

[Event "POL-chT 2nd League-3 2020"]
[Site "Poronin"]
[Date "2020.09.09"]
[Round "5.1"]
[White "Daniel, Damian"]
[Black "Krzywda, Andrzej"]
[Result "1/2-1/2"]
[WhiteElo "2176"]
[BlackElo "2122"]
[Annotator "TA"]
[PlyCount "118"]
[EventDate "2020.09.05"]
[EventType "team-tourn"]
[EventCountry "POL"]
[SourceTitle "playchess.com"]
[Source "ChessBase"]
[SourceQuality "1"]

{[%evp 12,118,30,-4,1,0,8,-15,-16,-16,-18,-27,-29,-26,-30,-42,-27,-32,-10,-29,-11,-8,-8,0,0,0,0,0,21,-47,14,6,36,0,87,79,72,59,77,37,34,-14,-15,-7,-18,-62,-75,-142,-70,-69,-83,-83,-72,-500,-494,-402,-8,-144,0,-68,0,-8,8,8,8,-50,-52,-245,-45,-75,-75,-75,-75,-75,-75,-75,-75,-104,-104,-104,-104,-104,-104,-104,-104,-183,-127,-227,-74,-125,-140,-139,-147,-154,-77,-77,-47,-230,-230,-218,-195,-147,-169,-159,0,-110,0,-81,0]} 1. d4 Nf6 2. Bf4 d6 3. Nf3 g6 4. e3 Bg7 5. h3 O-O 6. Be2 Nc6 7. O-O {7.Bh2 injects fresh life into this line.} e5 {A48: 1 d4 Nf6 2 Nf3 g6: Torre, London and Colle Systems.} 8. Bh2 {[%cal Rd4e5]} Qe7 9. c4 Ne4 {[#] The position is equal.} 10. d5 $146 ({Predecessor:} 10. Nc3 Nxc3 11. bxc3 f5 12. a4 Kh8 13. a5 Bd7 14. Nd2 Rae8 15. Nb3 exd4 16. cxd4 {½-½ (36) Salvatti,D (2048)-Falcon,B (2331) Buenos Aires 2019}) 10... Nb8 11. Nbd2 Nxd2 12. Nxd2 a5 13. b3 Nd7 14. a3 f5 15. b4 e4 16. Rb1 axb4 17. axb4 Be5 18. Bxe5 Nxe5 19. Qc2 g5 20. Rb3 (20. Ra1 $1 $11 Bd7 21. c5) 20... Kh8 (20... Bd7 $15 21. Qc3 h5 $1 {[%mdl 512]}) 21. c5 $11 g4 22. hxg4 Rg8 (22... fxg4 $11 {remains equal.} 23. Qc3 (23. Qxe4 Ra2 $14) (23. Nxe4 Bf5 $17) 23... Kg8 24. Nxe4 Bf5) 23. Nc4 Nxc4 24. Qxc4 fxg4 25. Rc3 Qe5 26. Qd4 Qxd4 27. exd4 Ra2 28. cxd6 Rxe2 29. Rxc7 (29. Rfc1 $142) 29... Rd8 ({Better is} 29... Bf5 $1 $17 {And now ...Rd2 would win.} 30. Rf7 Bg6 31. Rxb7 Rd2) 30. Rfc1 $1 $15 Bf5 31. Rf7 Bg6 $1 {[%cal Rg6f7]} 32. Rxb7 $2 {[%mdl 8192]} (32. Re7 $17) 32... e3 $19 33. fxe3 Rxe3 $2 (33... Be4 $19 34. Kf1 Rxg2) 34. Kf2 (34. Re7 $1 $11 {was the only way to keep the balance.} Rb3 35. d7 Rxb4 36. Rc8) 34... Ree8 (34... Rde8 $1 $17 35. Re7 R8xe7 36. dxe7 Rxe7) 35. d7 (35. Rc6 $1 $11) 35... Rf8+ (35... Re7 $1 $15 36. b5 Rexd7 37. Rxd7 Rxd7) 36. Kg3 Bf5 37. b5 $1 Kg7 38. Rc8 (38. Rbc7 $11) 38... Kf6 $15 39. Rc6+ $2 (39. Rb6+ $1 $15 Ke7 40. Rbc6) 39... Ke7 $2 (39... Kg5 $1 $19 40. Rc8 Rxc8 41. dxc8=N Rxc8 42. Rg7+ Kf6) 40. b6 Rxd7 41. Ra7 Rxa7 42. bxa7 $17 {[%mdl 4096] Endgame KRB-KR} Ra8 43. Kf4 Bd3 44. Rc3 Bg6 45. Ra3 Kd6 46. Ra5 Kc7 47. Kxg4 Kb6 48. Rc5 (48. Ra3 $17 {is a better defense.}) 48... Rxa7 (48... Rf8 $1 $19 49. Kh4 Kxa7) 49. Kf4 (49. Rc6+ $17 Kb7 50. Kf4) 49... Ra2 $2 (49... Re7 $1 $19 {has better winning chances.} 50. Rc6+ Kb5) 50. g4 ({White should try} 50. d6 Ra7 51. Ke5) 50... Re2 $1 {[%cal Re2e4] aiming for ...Re4+.} 51. Rc6+ {[#]} Kb7 $1 {Threatens to win with ...Re4+.} 52. Re6 {[#]} Rd2 (52... Bd3 $142 $1 {Hoping for ...Kc7.} 53. Rxe2 Bxe2) 53. Ke5 Kc8 54. Rc6+ $2 ({White should play} 54. Ra6 $15) 54... Kd7 $19 55. Rd6+ Ke7 56. Re6+ Kf7 57. Rf6+ Ke7 {( -> ...Re2+)} 58. Re6+ Kd7 {White must now prevent ...Re2+.} 59. Rd6+ Ke7 {Accuracy: White = 49%, Black = 62%.} (59... Kc7 $17 60. Rc6+ Kd7 61. Rd6+) 1/2-1/2

[Event "POL-chT 2nd League-3 2020"]
[Site "Poronin"]
[Date "2020.09.09"]
[Round "5.2"]
[White "Szymanski, Piotr"]
[Black "Stankiewicz, Pawel"]
[Result "1/2-1/2"]
[WhiteElo "2234"]
[BlackElo "2111"]
[Annotator "TA"]
[PlyCount "31"]
[EventDate "2020.09.05"]
[EventType "team-tourn"]
[EventCountry "POL"]
[SourceTitle "playchess.com"]
[Source "ChessBase"]
[SourceQuality "1"]

{[%evp 18,31,29,23,40,19,39,19,25,19,28,24,25,6,8,0]} 1. d4 Nf6 2. Nf3 e6 3. c4 b6 4. g3 Bb7 5. Bg2 Be7 6. O-O O-O 7. Nc3 Ne4 8. Qc2 Nxc3 9. Qxc3 d6 10. b3 Bf6 {E19: Queen's Indian: Old Main Line with 7...Ne4 8 Qc2 Nxc3 8 Qxc3.} 11. Bb2 c5 12. Qd2 Qe7 13. Rfd1 Rd8 14. Qc2 Nc6 {[#]} 15. e4 $146 ({Predecessor:} 15. d5 Nb4 16. Qd2 Bxb2 17. Qxb2 exd5 18. cxd5 Re8 19. e3 Rad8 20. Ne1 Bc8 21. a3 {½-½ (46) Postl,R (2324)-Kyhos,A (2278) ICCF email 2016}) 15... e5 {[%cal Re5d4]} 16. d5 $1 {Black did not feel at home in the position after the opening. Accuracy: White = 100%, Black = 100%.} 1/2-1/2